| 000 | 00831nam a2200253 a 4500 | ||
|---|---|---|---|
| 001 | 25872 | ||
| 003 | CO-ViMGA | ||
| 008 | 141112s2004 ck r 000 u spa d | ||
| 020 | _a9789589177853 | ||
| 040 |
_aCO-ViMGA _bspa _cCO-ViMGA |
||
| 041 | _aSPA | ||
| 082 | 0 | 4 | _a361.614 M15 |
| 245 | 1 | 0 |
_aManual de convivencia ciudadana / _cedición y dirección Jorge Alejandro Medellín Becerra ; ilustraciones Gerineldo Campos Quintero |
| 250 | _a1a ed. | ||
| 260 |
_aBogotá : _bMinisterio de Cultura, _c2012 |
||
| 300 | _a317 p. : il. col. | ||
| 500 | _aIncluye diccionario básico del Estado colombiano | ||
| 650 | 1 | 4 |
_aCONVIVENCIA CIUDADANA _940298 |
| 650 | 1 | 4 | _aeducación CIVICA |
| 650 | 1 | 4 | _aPARTICIPACION COMUNITARIA |
| 650 | 1 | 4 |
_aSEGURIDAD CIUDADANA _940299 |
| 650 | 1 | 4 |
_aTRAMITE DE DOCUMENTOS _916481 |
| 942 |
_2ddc _cBK |
||
| 999 |
_c5437 _d5437 |
||